000 00305nam a2200133Ia 4500
005 20251222141836.0
008 251222s9999||||xx |||||||||||||| ||spa||
020 _a2-7022-0359-0
082 _a730.944/V45
100 _aRatcliff, Carter
245 0 _aBernard Venet
264 _bCercle d'Art
942 _cLIB
999 _c7257
_d7257